<?xml version="1.0" encoding="UTF-8"?>
<collection xmlns="http://www.loc.gov/MARC21/slim">
 <record>
  <leader>00373cam a2200121 7i4500</leader>
  <controlfield tag="001">0000129869</controlfield>
  <controlfield tag="005">20170816090000.0</controlfield>
  <datafield tag="090" ind1="0" ind2="0">
   <subfield code="a">LT MY SMECORP </subfield>
  </datafield>
  <datafield tag="245" ind1="0" ind2="0">
   <subfield code="a">Laporan tahunan = Annual report.</subfield>
  </datafield>
  <datafield tag="260" ind1="#" ind2="#">
   <subfield code="a">Kuala Lumpur, Malaysia: </subfield>
   <subfield code="b">SME Corporation Malaysia, </subfield>
   <subfield code="c">2015.</subfield>
  </datafield>
  <datafield tag="300" ind1="#" ind2="#">
   <subfield code="a">v.: </subfield>
   <subfield code="b">ill.; </subfield>
   <subfield code="c">26 cm..</subfield>
  </datafield>
  <datafield tag="850" ind1="#" ind2="#">
   <subfield code="a">Library has 2015</subfield>
  </datafield>
  <datafield tag="999" ind1=" " ind2=" ">
   <subfield code="a">1100100763</subfield>
   <subfield code="b">Book</subfield>
   <subfield code="c">Serials</subfield>
   <subfield code="e">KOLEKSI TERBITAN BERSIRI</subfield>
  </datafield>
 </record>
</collection>
